Euroopan pääkaupungit minuutissa - Statistics

Yleistilastot
  • Tätä visaa on pelattu 1 319 kertaa
  • Keskiarvotulos 22 / 45
Vastaustilastot
Pääkaupunki % Oikein
Helsinki
98%
Tukholma
92%
Oslo
91%
Tallinna
82%
Pariisi
80%
Berliini
78%
Lontoo
78%
Madrid
77%
Riika
73%
Rooma
67%
Vilna
67%
Lissabon
64%
Moskova
64%
Amsterdam
63%
Kööpenhamina
62%
Reykjavik
60%
Dublin
57%
Bryssel
54%
Varsova
52%
Ateena
50%
Kiova
48%
Wien
46%
Minsk
44%
Budapest
42%
Praha
41%
Bern
39%
Andorra la Vella
38%
Bukarest
38%
Sofia
35%
Monaco
34%
Vatikaani
34%
Luxemburg
30%
Valletta
30%
San Marino
29%
Zagreb
28%
Bratislava
27%
Vaduz
26%
Belgrad
25%
Tirana
22%
Ljubljana
17%
Skopje
17%
Chișinău
16%
Sarajevo
16%
Pristina
15%
Podgorica
12%
Ehtoja vastaavia visoja ei löytynyt
Tulosjakauma
Jokaisen tuloksen saaneiden osuus
Persentiili vastausten määrän mukaan
Tuloshistoriasi
Et ole pelannut tätä visaa